| 000 | 01378cam a2200361 a 4500 | ||
|---|---|---|---|
| 001 | 2030566 | ||
| 005 | 20260122101733.0 | ||
| 008 | 920129s1993 nyua b 001 0 eng | ||
| 010 | _a 92006989 | ||
| 020 |
_a0471553808 _qcloth : acid-free paper |
||
| 020 |
_a9780471553809 _q(cloth : acid-free paper) |
||
| 035 | _a2030566 | ||
| 040 |
_aDLC _cDLC _dDLC |
||
| 050 | 0 | 0 |
_aQA401 _b.K7 1993 |
| 082 | 0 | 0 |
_a510.2462 KRE _220 |
| 100 | 1 | _aKreyszig, Erwin. | |
| 245 | 1 | 0 |
_aAdvanced engineering mathematics / _cErwin Kreyszig. |
| 250 | _aFifth Edition | ||
| 260 |
_aNew York : _bWiley, _cc1993. |
||
| 300 |
_a1 v. (various pagings) : _bill. (some col.) ; _c27 cm. |
||
| 336 |
_atext _btxt _2rdacontent |
||
| 337 |
_aunmediated _bn _2rdamedia |
||
| 338 |
_avolume _bnc _2rdacarrier |
||
| 504 | _aIncludes bibliographical references and index. | ||
| 650 | 0 | _aMathematical physics. | |
| 650 | 0 | _aEngineering mathematics. | |
| 856 | 4 |
_3Table of Contents _uhttp://www.loc.gov/catdir/toc/onix05/92006989.html |
|
| 856 | 4 | 2 |
_3Publisher description _uhttp://www.loc.gov/catdir/enhancements/fy0707/92006989-d.html |
| 906 |
_a7 _bcbc _corignew _d1 _eocip _f19 _gy-gencatlg |
||
| 942 |
_2ddc _cBK |
||
| 999 |
_c615875 _d615875 |
||